000 00456pab a2200169 454500
008 180718b2007 xxu||||| |||| 00| 0 eng d
100 _aTripathi, Nachiketa
245 _aDifferences in organizational learning processes: a study of two organizations
260 _c2007
300 _ap.301-20.
362 _aAug
650 _aOrganizations
700 _aNongmaithem, Sonia
773 _aManagement and Labour Studies
908 _aN
909 _a76362
999 _c76362
_d76362